| 000 | 00642nam a2200217Ia 4500 | ||
|---|---|---|---|
| 005 | 20241129110106.0 | ||
| 008 | 241129s9999||||xx |||||||||||||| ||und|| | ||
| 020 | _a978-93-94262-25-6 | ||
| 037 | _aTB | ||
| 040 |
_aARTS _beng _cARTS |
||
| 041 |
_aeng _2eng |
||
| 084 |
_aDelta25.27 R4 _qARTS |
||
| 100 |
_aNath Dambarudhar Au. _9727190 |
||
| 245 | 0 |
_aNirguna bhakti in eastern India: ideology, identity and resistance _cNath Dambarudhar Au. |
|
| 260 |
_aShimla, India _bShimla Manohar _c2023 |
||
| 300 | _a571p. | ||
| 365 |
_aINR _b2995 |
||
| 650 | _aMysticism | ||
| 942 |
_cTB _hDelta25.27 R4 |
||
| 999 |
_c1227274 _d1227274 |
||